[Event "Open Ricany 2012"]
[Site "http://www.openricany.cz/"]
[Date "2012.08.26"]
[Round "2.30"]
[White "Pavlicek, Petr"]
[Black "Hlina, Miloslav"]
[Result "1/2-1/2"]
[WhiteElo "2001"]
[BlackElo "1857"]
[PlyCount "42"]
[EventDate "2012.??.??"]

1. c4 c6 2. e4 e6 3. e5 d5 4. exd6 Bxd6 5. d4 Nf6 6. Nf3 Nbd7 7. Nc3 O-O 8. Bd3
b6 9. Bg5 Qc7 10. Rc1 Bb7 11. O-O Rac8 12. Re1 Bf4 13. Bxf4 Qxf4 14. Ne5 Nxe5
15. dxe5 Ng4 16. Qc2 Qxh2+ 17. Kf1 Qh1+ 18. Ke2 Qxg2 19. Bxh7+ Kh8 20. Ne4 c5
21. Rg1 Bxe4 1/2-1/2

[Event "Open Ricany 2012"]
[Site "http://www.openricany.cz/"]
[Date "2012.08.26"]
[Round "2.31"]
[White "Koper, Stefan"]
[Black "Filip, Vojtech"]
[Result "1-0"]
[WhiteElo "1989"]
[BlackElo "1832"]
[PlyCount "87"]
[EventDate "2012.??.??"]

1. d4 d5 2. c4 e6 3. cxd5 exd5 4. Nc3 Nf6 5. Bg5 c6 6. e3 Bd6 7. Nf3 O-O 8. Bd3
Bg4 9. Qc2 h6 10. Bh4 Nbd7 11. Nd2 Qc7 12. Bg3 a6 13. Rc1 Rfe8 14. b4 Bxg3 15.
hxg3 Qd6 16. Rb1 b5 17. O-O a5 18. bxa5 Rxa5 19. Nf3 Rd8 20. Rb2 Nb6 21. Ne5
Nc4 22. Bxc4 dxc4 23. Ne4 Nxe4 24. Qxe4 Bd7 25. Qf3 f6 26. Nxd7 Rxd7 27. Rd1
Qd5 28. Qe2 c3 29. Rc2 b4 30. Rb1 c5 31. dxc5 Qxc5 32. g4 Rd8 33. Rd1 Rd5 34.
e4 Rd4 35. g3 Ra7 36. Re1 Rad7 37. Qe3 Qc4 38. Ree2 Rd1+ 39. Kg2 Qd3 40. Qb6
Rd2 41. Qe6+ Kf8 42. Rexd2 cxd2 43. Rc8+ Rd8 44. Rc7 1-0

[Event "Open Ricany 2012"]
[Site "http://www.openricany.cz/"]
[Date "2012.08.26"]
[Round "2.32"]
[White "Plasek, Zdenek"]
[Black "Kyselka, Daniel"]
[Result "1-0"]
[WhiteElo "1983"]
[BlackElo "1830"]
[PlyCount "64"]
[EventDate "2012.??.??"]

1. g3 g6 2. Bg2 Bg7 3. e4 e5 4. Ne2 d6 5. O-O Nf6 6. h3 O-O 7. Nbc3 Nbd7 8. d4
exd4 9. Nxd4 Nc5 10. Rb1 Re8 11. Re1 h6 12. b4 Ne6 13. Be3 Ng5 14. Bxg5 hxg5
15. Qd3 g4 16. hxg4 Nxg4 17. Nf3 Be6 18. a3 c6 19. Ne2 b5 20. c3 Bc4 21. Qc2
Qb6 22. Ned4 c5 23. bxc5 dxc5 24. Nxb5 Bxb5 25. a4 Bxa4 26. Qxa4 Qc7 27. Qc4
Rad8 28. Rb5 Rc8 29. Bh3 Ne5 30. Nxe5 Bxe5 31. Bg2 Bxg3 32. fxg3 Qxg3 {Dale
necitelne} 1-0

[Event "Open Ricany 2012"]
[Site "http://www.openricany.cz/"]
[Date "2012.08.26"]
[Round "2.33"]
[White "Alfimov, Igor"]
[Black "Suchy, Ladislav"]
[Result "1-0"]
[WhiteElo "1969"]
[BlackElo "1809"]
[PlyCount "48"]
[EventDate "2012.??.??"]

1. d4 Nf6 2. c4 e5 3. dxe5 Ng4 4. Bf4 Nc6 5. Nf3 Bb4+ 6. Nbd2 Qe7 7. e3 Ngxe5
8. Nxe5 Nxe5 9. Be2 O-O 10. a3 Bxd2+ 11. Qxd2 d6 12. O-O g5 13. Bg3 g4 14. Kh1
Bf5 15. Qd4 h5 16. Qf4 Qe6 17. f3 Qg6 18. Qd4 Rfe8 19. e4 Bd7 20. Be1 f5 21.
Bc3 Nc6 22. Qd2 h4 23. fxg4 fxg4 24. Rf6 Qg7 1-0

[Event "Open Ricany 2012"]
[Site "http://www.openricany.cz/"]
[Date "2012.08.26"]
[Round "2.34"]
[White "Sedivy, Ondrej"]
[Black "Fencl, Pavel"]
[Result "1/2-1/2"]
[WhiteElo "1784"]
[BlackElo "1966"]
[PlyCount "110"]
[EventDate "2012.??.??"]

1. c4 g6 2. Nc3 c6 3. g3 d5 4. cxd5 cxd5 5. d4 Nc6 6. Bg2 Nf6 7. e3 Bg7 8. Nge2
O-O 9. O-O h5 10. Nf4 e6 11. h4 b6 12. a3 Ba6 13. Re1 Rc8 14. Qa4 Na5 15. Bd2
Bc4 16. Qd1 Nb3 17. Rb1 Bh6 18. Nce2 a5 19. Nc1 a4 20. Bb4 Re8 21. Nfd3 Bf8 22.
Bxf8 Rxf8 23. Ne5 Nxc1 24. Rxc1 Bb3 25. Qd2 Qd6 26. Rxc8 Rxc8 27. Rc1 Rc7 28.
Rc3 b5 29. Qc1 Bc4 30. Qc2 Kg7 31. Qc1 Nd7 32. Nxd7 Rxd7 33. Bf1 e5 34. dxe5
Qxe5 35. Bd3 Rd6 36. Bf1 Rf6 37. Rc2 g5 38. hxg5 Qxg5 39. e4 Qg4 40. exd5 Bxd5
41. Rc5 Rf5 42. Bg2 Bxg2 43. Rxf5 Qxf5 44. Kxg2 Kg6 45. Qc6+ Kh7 46. Qf3 Kg6
47. Qc6+ Kg7 48. Qc3+ Kf8 49. Qc6 Qe5 50. Qc8+ Ke7 51. Qb7+ Ke6 52. Qc6+ Qd6
53. Qe4+ Kf6 54. Qf3+ Ke6 55. Qe4+ Qe5 1/2-1/2

[Event "Open Ricany 2012"]
[Site "http://www.openricany.cz/"]
[Date "2012.08.26"]
[Round "2.35"]
[White "Prochazka, Petr"]
[Black "Berg, Antonin"]
[Result "1-0"]
[WhiteElo "1965"]
[BlackElo "1808"]
[PlyCount "75"]
[EventDate "2012.??.??"]

1. e4 c6 2. d4 d5 3. Nc3 dxe4 4. Nxe4 Bf5 5. Ng3 Bg6 6. h4 h6 7. h5 Bh7 8. Nf3
Nd7 9. Bd3 Bxd3 10. Qxd3 Ngf6 11. Bd2 e6 12. O-O-O Bd6 13. Ne4 Nxe4 14. Qxe4
Qe7 15. Ne5 O-O-O 16. Rh3 Nf6 17. Qe2 Kb8 18. Rb3 Ka8 19. Ba5 Rc8 20. Nc4 Bf4+
21. Kb1 Nd5 22. Ne5 Bxe5 23. dxe5 f6 24. g3 fxe5 25. c4 Nf6 26. Ra3 c5 27. Qxe5
Rc6 28. Rad3 b6 29. Bc3 Re8 30. f4 Rcc8 31. Kc2 Rcd8 32. Rxd8+ Rxd8 33. Rxd8+
Qxd8 34. Qxe6 Qe8 35. Qxe8+ Nxe8 36. Be5 Kb7 37. Kd3 Kc6 38. Ke4 1-0

[Event "Open Ricany 2012"]
[Site "http://www.openricany.cz/"]
[Date "2012.08.26"]
[Round "2.36"]
[White "Petrun, Milan"]
[Black "Jirousek, Filip"]
[Result "1-0"]
[WhiteElo "1925"]
[BlackElo "1775"]
[PlyCount "47"]
[EventDate "2012.??.??"]

1. e4 c5 2. Nf3 Nc6 3. d4 cxd4 4. Nxd4 e5 5. Nb5 a6 6. Nd6+ Bxd6 7. Qxd6 Qf6 8.
Qd1 Qg6 9. Nc3 Nf6 10. f3 O-O 11. Be3 d5 12. exd5 Nb4 13. Kf2 Nxc2 14. Bc5 Rd8
15. Rc1 b6 16. Be7 Bf5 17. g4 Nxg4+ 18. fxg4 Be4 19. Nxe4 Qxe4 20. Qxc2 Qf4+
21. Ke1 Qe3+ 22. Be2 Rdb8 23. Rf1 e4 24. Qd2 1-0

[Event "Open Ricany 2012"]
[Site "http://www.openricany.cz/"]
[Date "2012.08.26"]
[Round "2.37"]
[White "Krejci, Martin"]
[Black "Maly, Dusan"]
[Result "1-0"]
[WhiteElo "1923"]
[BlackElo "1772"]
[PlyCount "57"]
[EventDate "2012.??.??"]

1. e4 e6 2. d4 d5 3. e5 c5 4. c3 Bd7 5. Nf3 Qb6 6. a3 c4 7. Nbd2 Bb5 8. g3 Ba6
9. Bh3 Nc6 10. O-O Na5 11. Re1 Be7 12. Rb1 Nb3 13. Nxb3 cxb3 14. Be3 Nh6 15.
Rc1 Bc4 16. Nd2 Qb5 17. Nxc4 dxc4 18. Qh5 Qa6 19. Bxh6 gxh6 20. Qxh6 Bf8 21.
Qf6 Rg8 22. d5 Rg6 23. Qf3 Bc5 24. dxe6 fxe6 25. Rcd1 Qb6 26. Re2 Ke7 27. Qh5
Rh8 28. Red2 Qc7 29. Qh4+ 1-0

[Event "Open Ricany 2012"]
[Site "http://www.openricany.cz/"]
[Date "2012.08.26"]
[Round "2.38"]
[White "Plchot, Miroslav"]
[Black "Havelka, Jan"]
[Result "1-0"]
[WhiteElo "1914"]
[BlackElo "1762"]
[PlyCount "59"]
[EventDate "2012.??.??"]

1. c4 Nf6 2. g3 g6 3. Bg2 Bg7 4. Nc3 c5 5. Rb1 O-O 6. a3 Nc6 7. b4 cxb4 8. axb4
d6 9. b5 Ne5 10. d3 Rb8 11. Qa4 Nfd7 12. Bd2 Nb6 13. Qa2 e6 14. Na4 Ned7 15.
Nh3 Nxa4 16. Qxa4 Nb6 17. Qa3 Qc7 18. O-O f5 19. Be3 Ra8 20. Rfc1 Nd7 21. b6
Qb8 22. bxa7 Qc7 23. Rb5 e5 24. c5 f4 25. cxd6 Qd8 26. gxf4 exf4 27. Nxf4 Ne5
28. Qb3+ Kh8 29. Rbc5 Qf6 30. Nh3 {dale necitelne} 1-0

[Event "Open Ricany 2012"]
[Site "http://www.openricany.cz/"]
[Date "2012.08.26"]
[Round "2.39"]
[White "Vystrcil, Martin"]
[Black "Hanl, Frantisek"]
[Result "0-1"]
[WhiteElo "1850"]
[BlackElo "1911"]
[PlyCount "114"]
[EventDate "2012.??.??"]

1. e4 e6 2. d4 d5 3. Nc3 Bb4 4. e5 c5 5. Nf3 Nc6 6. a3 cxd4 7. axb4 dxc3 8.
bxc3 Qc7 9. Bb5 Bd7 10. Bxc6 Bxc6 11. Qd4 Bb5 12. Bd2 Ne7 13. Rxa7 O-O 14. Rxa8
Rxa8 15. Bc1 Nf5 16. Qd2 Ra1 17. Kd1 Ba4 18. g4 Ne7 19. Re1 Ra2 20. Nd4 Nc6 21.
Re2 Nxe5 22. Qf4 f6 23. g5 Qxc3 24. gxf6 gxf6 25. Rd2 Ra1 26. Qg3+ Qxg3 27.
hxg3 Nc4 28. Re2 e5 29. Nf5 Kf7 30. f3 Ke6 31. g4 Na3 32. Ng7+ Kf7 33. Nf5 d4
34. Nd6+ Ke7 35. Nf5+ Kd8 36. Kd2 Nxc2 37. Bb2 Ra2 38. Kc1 Nxb4 39. Kb1 Bb3 40.
Nd6 Nd3 41. Rd2 Rxb2+ 42. Rxb2 Nxb2 43. Kxb2 Bd5 44. Nf5 Bxf3 45. Nh6 Ke7 46.
Kc2 Ke6 47. Kd3 Kd5 48. Ng8 e4+ 49. Kd2 Ke5 50. Nh6 b5 51. Nf7+ Kd5 52. Nd8 b4
53. Nb7 b3 54. Na5 e3+ 55. Kd3 Be4+ 56. Ke2 b2 57. g5 b1=Q 0-1

[Event "Open Ricany 2012"]
[Site "http://www.openricany.cz/"]
[Date "2012.08.26"]
[Round "2.40"]
[White "Kylar, Miroslav"]
[Black "Cermak, Jan"]
[Result "1-0"]
[WhiteElo "1907"]
[BlackElo "1731"]
[PlyCount "101"]
[EventDate "2012.??.??"]

1. d4 d5 2. c4 c6 3. Nc3 Nf6 4. Nf3 e6 5. e3 Nbd7 6. b3 Bd6 7. Bd3 O-O 8. O-O
Qc7 9. Bb2 e5 10. dxe5 Nxe5 11. h3 dxc4 12. Nxe5 cxd3 13. Nxd3 Bf5 14. Qe2 Rfe8
15. Rfd1 Rad8 16. Ne1 Ne4 17. Nxe4 Bxe4 18. Nf3 Qa5 19. Kh1 Qh5 20. Ng1 Qg5 21.
Qg4 Qxg4 22. hxg4 Bc7 23. Bd4 a6 24. Rac1 Bd5 25. Ne2 f6 26. Kg1 Kf7 27. f3 Ba5
28. Kf2 h6 29. Nf4 Be6 30. Nxe6 Kxe6 31. Ke2 Bc7 32. Rd3 Rd7 33. Rcd1 Red8 34.
Bc3 Rd5 35. f4 Bb6 36. g5 hxg5 37. fxg5 fxg5 38. Bxg7 Rxd3 39. Rxd3 Rxd3 40.
Kxd3 Kd5 41. g4 Bd8 42. e4+ Kc5 43. Bf8+ Kb6 44. Kd4 Kc7 45. Ke5 Kd7 46. Kf5
Ke8 47. Bh6 Kf7 48. Bxg5 Ba5 49. e5 b6 50. e6+ Kg7 51. Bh6+ 1-0

[Event "Open Ricany 2012"]
[Site "http://www.openricany.cz/"]
[Date "2012.08.26"]
[Round "2.41"]
[White "Koller, Martin"]
[Black "Skvaril, Michal"]
[Result "1-0"]
[WhiteElo "1900"]
[BlackElo "1728"]
[PlyCount "69"]
[EventDate "2012.??.??"]

1. d4 d5 2. c4 e6 3. Nc3 Nf6 4. cxd5 exd5 5. Bg5 Be7 6. e3 O-O 7. Bd3 c6 8. Qc2
h6 9. Bf4 Bd6 10. Bxd6 Qxd6 11. Nge2 Nbd7 12. Ng3 Nb6 13. O-O Be6 14. f3 Rfe8
15. Rad1 Rad8 16. Kh1 Qb8 17. Qf2 Re7 18. h3 Qc8 19. e4 dxe4 20. fxe4 Red7 21.
e5 Nfd5 22. Nce4 Qc7 23. a3 Re7 24. Nf5 Bxf5 25. Qxf5 Nd7 26. Rf3 Nf8 27. Nd6
Rdd7 28. Rdf1 Nb6 29. Qg4 Ne6 30. Nxf7 Rxf7 31. Qxe6 Kf8 32. Bg6 Rde7 33. Rxf7+
Rxf7 34. Rxf7+ Qxf7 35. Qxf7# 1-0

[Event "Open Ricany 2012"]
[Site "http://www.openricany.cz/"]
[Date "2012.08.26"]
[Round "2.42"]
[White "Paukert, Jan"]
[Black "Nigrin, Jiri"]
[Result "1-0"]
[WhiteElo "1896"]
[BlackElo "1684"]
[PlyCount "71"]
[EventDate "2012.??.??"]

1. d4 Nf6 2. Nf3 d6 3. g3 g6 4. Bg2 Bg7 5. O-O O-O 6. c4 Nbd7 7. Nc3 c5 8. d5
a6 9. e4 Rb8 10. Qe2 Ne8 11. Bf4 Nc7 12. e5 dxe5 13. Nxe5 Nxe5 14. Bxe5 Bxe5
15. Qxe5 Qd6 16. f4 Qxe5 17. fxe5 Bf5 18. Be4 Bd7 19. a4 b5 20. axb5 axb5 21.
Ra7 Bh3 22. Rd1 Rfc8 23. d6 exd6 24. exd6 Ne6 25. Nxb5 Bg4 26. Rd2 Ng5 27. Bd5
Nf3+ 28. Bxf3 Bxf3 29. Rf2 Bb7 30. Re2 Bc6 31. Rc7 Bxb5 32. Rxc8+ Rxc8 33. cxb5
Rd8 34. b6 Rxd6 35. Re8+ Kg7 36. b7 1-0

[Event "Open Ricany 2012"]
[Site "http://www.openricany.cz/"]
[Date "2012.08.26"]
[Round "2.43"]
[White "Halla Jiri"]
[Black "Vlcek Vilem"]
[Result "0-1"]
[WhiteElo "1885"]
[BlackElo "1461"]
[PlyCount "40"]
[EventDate "2012.??.??"]

1. b3 d5 2. Bb2 Bf5 3. e3 e6 4. f4 Nf6 5. Nf3 Bd6 6. Be2 Nbd7 7. O-O Qe7 8. Ne5
O-O-O 9. c4 h5 10. d3 Bxe5 11. fxe5 Ng4 12. Bxg4 hxg4 13. g3 dxc4 14. e4 Nxe5
15. Bxe5 Rxd3 16. Qxd3 cxd3 17. exf5 Qc5+ 18. Kg2 Qxe5 19. Nd2 Qe2+ 20. Rf2
Rxh2+ 0-1

[Event "Open Ricany 2012"]
[Site "http://www.openricany.cz/"]
[Date "2012.08.29"]
[Round "5.1"]
[White "Kulhanek, Tomas"]
[Black "Vesselovsky, Serguie"]
[Result "1-0"]
[WhiteElo "2399"]
[BlackElo "2360"]
[PlyCount "93"]
[EventDate "2012.??.??"]

1. e4 c5 2. Nf3 g6 3. d4 cxd4 4. Nxd4 Nc6 5. Nc3 Bg7 6. Be3 Nf6 7. Bc4 O-O 8.
Bb3 d6 9. f3 Qa5 10. Qd2 Nxd4 11. Bxd4 Be6 12. O-O-O Rfc8 13. Kb1 b5 14. Nd5
Qxd2 15. Rxd2 Bxd5 16. exd5 a5 17. a3 Nd7 18. Re1 Bxd4 19. Rxd4 Kf8 20. c3 Rab8
21. h4 h6 22. f4 Rc7 23. g4 g5 24. hxg5 hxg5 25. Bc2 b4 26. axb4 axb4 27. cxb4
gxf4 28. Rxf4 Rcb7 29. Ree4 Ne5 30. Rd4 Ra7 31. g5 Rc8 32. Bf5 Kg7 33. Rh4 Rb8
34. Rh2 Rh8 35. Rxh8 Kxh8 36. b5 Nd7 37. Bxd7 Rxd7 38. Kc2 Rb7 39. Rb4 Kg7 40.
b6 Kg6 41. Kd3 Kxg5 42. Kc4 f5 43. Kb5 f4 44. Kc6 Rb8 45. b7 f3 46. Ra4 Kf5 47.
Ra8 1-0

[Event "Open Ricany 2012"]
[Site "http://www.openricany.cz/"]
[Date "2012.08.29"]
[Round "5.2"]
[White "Vojta, Tomas"]
[Black "Balacek, Tadeas"]
[Result "1/2-1/2"]
[WhiteElo "2345"]
[BlackElo "2178"]
[PlyCount "127"]
[EventDate "2012.??.??"]

1. Nf3 Nf6 2. g3 d5 3. Bg2 c6 4. O-O Bg4 5. d4 Nbd7 6. c3 e6 7. Bf4 Be7 8. Nbd2
Nh5 9. Be3 f5 10. Ne5 Nhf6 11. Nd3 Bd6 12. f3 Bh5 13. Qb3 Qb6 14. Bf2 O-O 15.
Rae1 Qxb3 16. axb3 e5 17. e4 fxe4 18. fxe4 dxe4 19. Nxe4 Nxe4 20. Bxe4 exd4 21.
Bxd4 Rxf1+ 22. Kxf1 Rf8+ 23. Kg1 c5 24. Be3 b6 25. Nf4 Bf7 26. Rd1 Bxf4 27.
Bxf4 Nf6 28. Bc2 Nd5 29. Bc1 Re8 30. Kf2 h6 31. Re1 Rxe1 32. Kxe1 Be8 33. Bd2
Bc6 34. Bd3 Kf7 35. b4 cxb4 36. c4 Nf6 37. Bxb4 Ng4 38. h3 Ne5 39. Be2 g6 40.
Kf2 Ke6 41. Bd2 h5 42. Bf4 Kf5 43. Ke3 Bg2 44. h4 Be4 45. b4 a6 46. Bf1 Bc6 47.
c5 bxc5 48. bxc5 a5 49. Bh3+ Kf6 50. Kd4 Nf3+ 51. Kc4 g5 52. hxg5+ Nxg5 53. Bc8
Ne6 54. Bd2 a4 55. Bc3+ Ke7 56. Bb4 Nc7 57. Bd2 Nd5 58. Bg5+ Nf6 59. Bf5 Kf7
60. Bc2 Ne4 61. Bf4 Ke6 62. Kd4 a3 63. Bb3+ Kf5 64. Bc1 1/2-1/2

[Event "Open Ricany 2012"]
[Site "http://www.openricany.cz/"]
[Date "2012.08.29"]
[Round "5.3"]
[White "Vesecky, Martin"]
[Black "Chudinovskikh, Alexander M"]
[Result "1/2-1/2"]
[WhiteElo "2114"]
[BlackElo "2248"]
[PlyCount "118"]
[EventDate "2012.??.??"]

1. d4 Nf6 2. Nf3 e6 3. c4 c5 4. d5 exd5 5. cxd5 d6 6. Nc3 g6 7. g3 Bg7 8. Bg2
O-O 9. O-O a6 10. a4 Nbd7 11. Bf4 Qe7 12. Qd2 Ng4 13. e4 Rb8 14. a5 b5 15. axb6
Rxb6 16. Rfe1 Nde5 17. Nxe5 Nxe5 18. Rab1 Bd7 19. b3 Rfb8 20. Qc2 Qf6 21. Nd1
Bb5 22. Nb2 g5 23. Bxe5 Qxe5 24. Nc4 Bxc4 25. Qxc4 Qc3 26. Qa4 Rxb3 27. Rbc1
Qd4 28. Qxa6 Rb2 29. Rf1 Be5 30. Qc6 h6 31. Qd7 Ra2 32. Rcd1 Rd2 33. Bf3 c4 34.
Qc7 Ra8 35. Bh5 c3 36. Qxf7+ Kh8 37. Ra1 Rg8 38. Bg6 Bg7 39. Bf5 Qf6 40. Qc7
Rd8 41. Rac1 Rf8 42. Kg2 Qe5 43. Qc4 Qd4 44. Qxd4 Bxd4 45. Rcd1 Rxd1 46. Rxd1
Be5 47. Rc1 Rb8 48. Kf3 Bd4 49. Ke2 Rb2+ 50. Kd3 Rd2+ 51. Kc4 Be5 52. f4 gxf4
53. gxf4 Bxf4 54. Rxc3 Rxh2 55. Kb5 Kg7 56. Kc6 Rg2 57. Kd7 Kf6 58. Rf3 Rg7+
59. Kc6 Be5 1/2-1/2

[Event "Open Ricany 2012"]
[Site "http://www.openricany.cz/"]
[Date "2012.08.29"]
[Round "5.4"]
[White "Sodoma, Jan"]
[Black "Volek, Radomir"]
[Result "1-0"]
[WhiteElo "2386"]
[BlackElo "2057"]
[PlyCount "63"]
[EventDate "2012.??.??"]

1. d4 Nf6 2. c4 e6 3. Nc3 Bb4 4. Qc2 d5 5. cxd5 exd5 6. Bg5 c5 7. dxc5 Qa5 8.
Bxf6 gxf6 9. e3 Be6 10. Nf3 Nd7 11. c6 bxc6 12. Be2 Ne5 13. O-O O-O 14. Na4
Rfc8 15. a3 Bf8 16. b4 Qc7 17. Rfc1 Nxf3+ 18. Bxf3 Qe5 19. g3 a5 20. Nb6 axb4
21. Nxc8 Rxc8 22. axb4 Bxb4 23. Be2 c5 24. Ra4 Rb8 25. Rb1 Bd7 26. Ra7 Bh3 27.
Bf1 Bf5 28. Bd3 Bh3 29. Bxh7+ Kf8 30. Bd3 c4 31. Bxc4 dxc4 32. Qh7 1-0

[Event "Open Ricany 2012"]
[Site "http://www.openricany.cz/"]
[Date "2012.08.29"]
[Round "5.5"]
[White "Pospisil, Evzen"]
[Black "Rehorek, Martin"]
[Result "1/2-1/2"]
[WhiteElo "2083"]
[BlackElo "2310"]
[PlyCount "40"]
[EventDate "2012.??.??"]

1. d4 Nf6 2. c4 e6 3. Nf3 Bb4+ 4. Bd2 a5 5. g3 d5 6. Bg2 O-O 7. O-O dxc4 8. Bg5
Ra6 9. a3 Be7 10. Bxf6 Bxf6 11. Nc3 c5 12. dxc5 Qc7 13. Qc2 Qxc5 14. Ne4 Qe7
15. Nxf6+ Qxf6 16. Qxc4 Qxb2 17. a4 Nc6 18. Rab1 Qf6 19. Rb5 Rd8 20. Rc1 h6
1/2-1/2

[Event "Open Ricany 2012"]
[Site "http://www.openricany.cz/"]
[Date "2012.08.29"]
[Round "5.8"]
[White "Postupa, Martin"]
[Black "Hadzala, Daniel"]
[Result "1-0"]
[WhiteElo "2002"]
[BlackElo "2127"]
[PlyCount "99"]
[EventDate "2012.??.??"]

1. e4 e6 2. d4 d5 3. e5 c5 4. c3 Qb6 5. Nf3 Nc6 6. Be2 Nh6 7. b3 cxd4 8. cxd4
Nf5 9. Bb2 Bb4+ 10. Kf1 Be7 11. Nc3 Bd7 12. Na4 Qd8 13. g3 O-O 14. Kg2 f6 15.
Nc3 fxe5 16. dxe5 Be8 17. Rf1 Bh5 18. Nd4 Bxe2 19. Ncxe2 Qd7 20. Nxf5 Rxf5 21.
Nd4 Rf7 22. Qg4 Bc5 23. Nxc6 bxc6 24. Rac1 Bf8 25. Bd4 Rf5 26. Qe2 Ba3 27. Rc2
a5 28. Bc5 Bb4 29. Rfc1 Bxc5 30. Rxc5 Raf8 31. f4 g5 32. Qg4 d4 33. Rxc6 Qd5+
34. Kh3 d3 35. Rd6 d2 36. Rd1 Qb5 37. R6xd2 Qe8 38. fxg5 Qg6 39. Kg2 h5 40. Qc4
Rxg5 41. Rd8 Rgf5 42. Rxf8+ Rxf8 43. Rf1 Rf5 44. Rxf5 Qxf5 45. Qe2 Kg7 46. h3
Kh6 47. Kh2 h4 48. gxh4 Qf4+ 49. Kg2 Kh7 50. Qh5+ 1-0

[Event "Open Ricany 2012"]
[Site "http://www.openricany.cz/"]
[Date "2012.08.29"]
[Round "5.9"]
[White "Juptner, Jan"]
[Black "Kovar, Josef"]
[Result "1-0"]
[WhiteElo "2378"]
[BlackElo "2052"]
[PlyCount "47"]
[EventDate "2012.??.??"]

1. d4 Nf6 2. c4 g6 3. Nc3 d5 4. cxd5 Nxd5 5. e4 Nxc3 6. bxc3 Bg7 7. Bc4 c5 8.
Ne2 Nc6 9. Be3 O-O 10. Rc1 Na5 11. Bd3 b6 12. O-O e5 13. Qd2 cxd4 14. cxd4 exd4
15. Bh6 Bxh6 16. Qxh6 Bg4 17. Ng3 Rc8 18. f4 Rxc1 19. Rxc1 Bd7 20. f5 Kh8 21.
e5 gxf5 22. Bxf5 Bxf5 23. Nxf5 Rg8 24. Rc8 1-0

[Event "Open Ricany 2012"]
[Site "http://www.openricany.cz/"]
[Date "2012.08.29"]
[Round "5.10"]
[White "Gregor, Jiri"]
[Black "Starek, Stanislav"]
[Result "1-0"]
[WhiteElo "2291"]
[BlackElo "2052"]
[PlyCount "41"]
[EventDate "2012.??.??"]

1. d4 d5 2. c4 c6 3. Nc3 Nf6 4. Nf3 e6 5. Bg5 dxc4 6. e4 b5 7. e5 h6 8. Bh4 g5
9. exf6 gxh4 10. Ne5 Bb7 11. Nxf7 Qxf6 12. Nxh8 Qxh8 13. Qh5+ Kd8 14. Qxh4+ Be7
15. Qe4 Qg7 16. Be2 Nd7 17. Bf3 Qf6 18. O-O a6 19. a4 b4 20. Ne2 Bd6 21. Rac1
1-0

[Event "Open Ricany 2012"]
[Site "http://www.openricany.cz/"]
[Date "2012.08.29"]
[Round "5.11"]
[White "Plasek, Zdenek"]
[Black "Haba, Zdenek"]
[Result "1/2-1/2"]
[WhiteElo "1983"]
[BlackElo "2236"]
[PlyCount "71"]
[EventDate "2012.??.??"]

1. g3 d6 2. Bg2 e5 3. d3 Nc6 4. c4 f5 5. e3 Nf6 6. Nc3 g6 7. Rb1 a5 8. a3 Bg7
9. Nge2 O-O 10. O-O Be6 11. Nd5 Qd7 12. Nec3 Rab8 13. b4 axb4 14. axb4 Ne7 15.
Nxe7+ Qxe7 16. Bd2 c6 17. b5 e4 18. bxc6 bxc6 19. Rxb8 Rxb8 20. Qc2 d5 21. cxd5
cxd5 22. Rb1 Rc8 23. d4 g5 24. Qb3 Bf8 25. Bf1 h5 26. Ba6 Rd8 27. Qb7 Rd7 28.
Qb8 Rd8 29. Qb7 Ne8 30. Qxe7 Bxe7 31. Bb7 Kf7 32. Kg2 h4 33. h3 hxg3 34. fxg3
Nc7 35. Nb5 Nxb5 36. Rxb5 1/2-1/2

[Event "Open Ricany 2012"]
[Site "http://www.openricany.cz/"]
[Date "2012.08.29"]
[Round "5.12"]
[White "Kozak, Milos"]
[Black "Skala, Jaromir"]
[Result "1/2-1/2"]
[WhiteElo "2195"]
[BlackElo "2038"]
[PlyCount "87"]
[EventDate "2012.??.??"]

1. d4 Nf6 2. Nf3 g6 3. c4 d6 4. Nc3 Bg7 5. g3 O-O 6. Bg2 Nbd7 7. O-O c6 8. e4
e5 9. h3 Qb6 10. c5 dxc5 11. dxe5 Ne8 12. e6 fxe6 13. Ng5 Ndf6 14. f4 c4+ 15.
Kh2 Bd7 16. Qe2 Qa6 17. Be3 Nc7 18. a4 b6 19. Rfd1 Rad8 20. Bf1 Rfe8 21. Qxc4
Qxc4 22. Bxc4 h6 23. Nf3 Kh7 24. Ne5 c5 25. Nf7 Rb8 26. Nd6 Re7 27. Ncb5 Bc6
28. Nxa7 Ba8 29. Nac8 Rd7 30. e5 Nfd5 31. Bd2 Rd8 32. Na7 Rf8 33. Bd3 h5 34. h4
Bh6 35. Rf1 Ne8 36. Nab5 Ng7 37. a5 bxa5 38. Rxa5 Nf5 39. Nxf5 gxf5 40. Ra7+
Kg8 41. Rc1 Rfd8 42. Rxc5 Nxf4 43. Bxf4 Bxf4 44. gxf4 1/2-1/2

[Event "Open Ricany 2012"]
[Site "http://www.openricany.cz/"]
[Date "2012.08.29"]
[Round "5.13"]
[White "Cerny, Martin"]
[Black "Mrna, Vladimir"]
[Result "1/2-1/2"]
[WhiteElo "2185"]
[BlackElo "2045"]
[PlyCount "40"]
[EventDate "2012.??.??"]

1. d4 d5 2. c4 dxc4 3. Nf3 Nf6 4. e3 e6 5. Bxc4 c5 6. O-O cxd4 7. exd4 Be7 8.
Qe2 O-O 9. Nc3 Nc6 10. Rd1 Na5 11. Bd3 b6 12. Bc2 Bb7 13. Qd3 Rc8 14. a3 Nc6
15. Re1 g6 16. Bh6 Re8 17. Rad1 Nd5 18. Ne4 Ncb4 19. axb4 Nxb4 20. Qd2 Rxc2
1/2-1/2

[Event "Open Ricany 2012"]
[Site "http://www.openricany.cz/"]
[Date "2012.08.29"]
[Round "5.14"]
[White "Sedy, Pavel"]
[Black "Novak, Jindrich"]
[Result "1-0"]
[WhiteElo "2155"]
[BlackElo "2041"]
[PlyCount "47"]
[EventDate "2012.??.??"]

1. e4 e5 2. Nf3 Nc6 3. d4 exd4 4. Nxd4 Qh4 5. Nc3 Bb4 6. Ndb5 Qxe4+ 7. Be2 Qxg2
8. Nxc7+ Kd8 9. Bf3 Qg6 10. Nxa8 b6 11. Qd3 Ne5 12. Qe2 Nf6 13. Be3 Nxf3+ 14.
Qxf3 Qxc2 15. O-O Bxc3 16. bxc3 d5 17. Qg3 Ne8 18. Rfe1 Qg6 19. Bg5+ f6 20.
Rxe8+ Kxe8 21. Re1+ Be6 22. Qb8+ Kf7 23. Qc7+ Kf8 24. Qd6+ 1-0

[Event "Open Ricany 2012"]
[Site "http://www.openricany.cz/"]
[Date "2012.08.29"]
[Round "5.15"]
[White "Sindler, Michal"]
[Black "Havlik, Frantisek"]
[Result "1-0"]
[WhiteElo "2144"]
[BlackElo "1994"]
[PlyCount "69"]
[EventDate "2012.??.??"]

1. e4 c5 2. Nf3 Nc6 3. Bb5 e6 4. O-O Nge7 5. c3 a6 6. Ba4 b5 7. Bc2 d6 8. d4
cxd4 9. cxd4 Ng6 10. Re1 Be7 11. Nc3 O-O 12. h3 Bb7 13. d5 Nce5 14. Nxe5 Nxe5
15. Bb3 Qd7 16. a4 Rfc8 17. dxe6 fxe6 18. axb5 axb5 19. Rxa8 Bxa8 20. Nxb5 Rxc1
21. Qxc1 Nd3 22. Qa1 Bb7 23. Nd4 d5 24. Rd1 Nc5 25. Bc2 dxe4 26. Nf5 Bd5 27.
Nxe7+ Qxe7 28. Rxd5 exd5 29. Qa8+ Qf8 30. Qxd5+ Kh8 31. b4 Nd3 32. Bxd3 exd3
33. Qxd3 h6 34. Qd4 Qe8 35. Qc5 1-0

[Event "Open Ricany 2012"]
[Site "http://www.openricany.cz/"]
[Date "2012.08.29"]
[Round "5.16"]
[White "Rihova, Kamila"]
[Black "Postupa, Pavel"]
[Result "0-1"]
[WhiteElo "1672"]
[BlackElo "2144"]
[PlyCount "73"]
[EventDate "2012.??.??"]

1. e4 c5 2. Nf3 d6 3. d4 cxd4 4. Nxd4 Nf6 5. Nc3 a6 6. Be2 e5 7. Nb3 Be7 8. O-O
O-O 9. f4 exf4 10. Bxf4 Nc6 11. Kh1 Be6 12. Bf3 Ne5 13. Nd2 Nfd7 14. Nd5 Bxd5
15. exd5 Bg5 16. Bg3 g6 17. Ne4 Be7 18. Bf4 f5 19. Nf2 Bg5 20. Nh3 Bxf4 21.
Nxf4 Qb6 22. b3 Nf6 23. Ne6 Rfe8 24. Qd2 Re7 25. c4 a5 26. Qg5 Rf7 27. Be2 Ne4
28. Qh4 Qe3 29. Bf3 Nd2 30. Rfe1 Ndxf3 31. gxf3 Qxf3+ 32. Kg1 Qg4+ 33. Qxg4
Nxg4 34. Ng5 Rd7 35. Re6 a4 36. Ree1 Ne5 37. Ne6 0-1